000 00504pam a2200169 a 4500
020 _a0933595239
040 _cDLC
082 0 0 _a634 WIN 1989 A050 Or.
100 1 _aBriscoe, C. B.
245 1 0 _aField trials manual for multipurpose tree species /
260 _aArlington, VA, USA :
_bWinrock International Institute for Agricultural Development,
_cc1989.
300 _a163 p. :
_bill. ;
_c28 cm.
500 _aIncludes index.
650 0 _aMultipurpose trees
700 1 _aAdams, Norma,
942 _cEK
999 _c14184
_d14184